000 00301nam a2200121Ia 4500
008 190216s9999||||xx |||||||||||||| ||und||
100 _aRabindranath Tagore
245 0 _aChitra
260 _bSahithya Pravarthaka Sahakarana Sangam
_c1961
300 _a67p
650 _aMalayalam Nadakam
942 _cBK
999 _c24531
_d24531